Fyzikálne a fyzikálnochemické analytické metódy /

Další autoři: Berčík, Juraj, 1927-1994
Jazyk: Slovenština
Vydáno: Bratislava : Alfa, 1977
Vydání: 1. vyd.
Edice: Edícia chemickej literatúry (Alfa)
Témata:
Fyzický popis: 502 s.
Knihy
Uloženo v:
LEADER 01187nam a22003492a 4500
001 000109547
003 CZ BrMZK
005 20201007121213.0
007 ta
008 950101s1977 xo f 000 0 slo d
020 |q (Váz.) 
040 |a BOD004  |b cze  |d BOD004  |d BOD035  |d ABA100  |d BOA001 
072 7 |a 543  |x Analytická chemie  |2 Konspekt  |9 10 
080 |a 543  |2 MRF 
080 |a 543.5  |2 MRF 
080 |a (075.8)  |2 MRF 
245 0 0 |a Fyzikálne a fyzikálnochemické analytické metódy /  |c Juraj Berčík ... [et al.] 
250 |a 1. vyd. 
260 |a Bratislava :  |b Alfa,  |c 1977 
300 |a 502 s. 
490 1 |a Edícia chemickej literatúry 
504 |a Obsahuje bibliografii 
650 0 7 |a chemická analýza  |7 ph114232  |2 czenas 
650 0 7 |a analytická chemie  |7 ph114036  |2 czenas 
650 0 7 |a instrumentální analýza  |7 ph121125  |2 czenas 
655 7 |a učebnice vysokých škol  |7 fd133772  |2 czenas 
700 1 |a Berčík, Juraj,  |d 1927-1994  |7 mzk2004258723  |4 aut 
830 0 |a Edícia chemickej literatúry (Alfa) 
910 |a BOA001  |b 3-0774.936 
990 |a BK 
991 |b 202010 
996 7 |b 2619993393  |c 3-0774.936  |l MZK  |r Sklad / do 1 hodiny  |n 11  |w 000109547  |u 000010  |a 1  |e BOA001  |j MZK50  |s A